Mobilná aplikácia pre kulturistiku

Salvato in:
Dettagli Bibliografici
Autore principale: Kaňka, Tomáš (Autore)
Altri autori: Janecký, Dominik (Relatore della tesi)
Natura: Manoscritto Libro
Lingua:slovacco
Pubblicazione: Bratislava : STU v Bratislave FEI, 2023
Soggetti:
Accesso online:https://opac.crzp.sk/?fn=detailBiblioFormChildAKDU7&sid=08878EB2E7E37CD0919A7AC0752B&seo=CRZP-detail-kniha
Tags: Aggiungi Tag
Nessun Tag, puoi essere il primo ad aggiungerne!!

MARC

LEADER 00000ntm a22000003a 4500
001 stuzp83173
003 SK-STU
005 20241111125659.2
007 ta
008 150427s2015----xo-----f-mn---000-0-slo-d
040 |a STU  |b slo 
041 0 |a slo 
044 |a xo 
100 1 |a Kaňka, Tomáš  |u 030400  |4 aut  |U FEI Fakulta elektrotechniky a informatiky  |T FEI Ústav automobilovej mechatroniky  |X 97822  |U E400  |Y 642  |7 97822 
242 0 1 |a Mobile application for bodybuilding  |y eng 
245 1 0 |a Mobilná aplikácia pre kulturistiku 
260 |a Bratislava :  |b STU v Bratislave FEI,  |c 2023 
300 |a 89 s., príl. 
650 4 |a Mobilná aplikáci  |2 slo 
650 4 |a Bazálny metabolizmus  |2 slo 
650 4 |a Kulturistika  |2 slo 
650 4 |a Bodybuilding  |2 eng 
650 4 |a Mobile application  |2 eng 
650 4 |a Basal metabolism  |2 eng 
700 1 |a Janecký, Dominik  |u 030400  |k Z3  |4 ths  |U FEI Fakulta elektrotechniky a informatiky  |T FEI Ústav automobilovej mechatroniky  |X 85870  |U E400  |Y 642  |7 85870 
856 4 |u https://opac.crzp.sk/?fn=detailBiblioFormChildAKDU7&sid=08878EB2E7E37CD0919A7AC0752B&seo=CRZP-detail-kniha